Tyler, The Creator - FULL Discography - Statistics

General Stats
  • This quiz has been taken 74 times
  • The average score is 68 of 172
Answer Stats
Hint Answer % Correct
1 IGOR'S THEME
71%
4 She
71%
1 Goblin
68%
1 WOLF
68%
1 Bastard
63%
12 Like Him
63%
4 See You Again
63%
8 Sticky
63%
6 CHERRY BOMB
61%
11 IFHY
61%
7 Judge Judy
61%
2 Rah Tah Tah
61%
12 ARE WE STILL FRIENDS?
59%
1 DEATHCAMP
59%
2 EARFQUAKE
59%
10 FUCKING YOUNG / PERFECT
59%
14 I Hope You Find Your Way Home
59%
3 Noid
59%
1 St. Chroma
59%
2 Yonkers
59%
6 Answer
56%
13 Balloon
56%
4 Darling, I
56%
6 NEW MAGIC WAND
56%
4 RUN
56%
10 SWEET / I THOUGHT YOU WANTED TO DANCE
56%
9 Take Your Mask Off
56%
10 911 / Mr. Lonely
54%
1 Foreword
54%
8 Her
54%
2 Jamba
54%
6 Pothole
54%
11 Thought I Was Dead
54%
8 Boredom
51%
5 DOGTOOTH
51%
10 GONE GONE / THANK YOU
51%
6 HOT WIND BLOWS
51%
12 November
51%
7 Tron Cat
51%
2 Where This Flower Blooms
51%
5 Who Dat Boy
51%
7 A BOY IS A GUN*
49%
4 Awkward
49%
2 BUFFALO
49%
9 Colossus
49%
5 Domo23
49%
13 Glitter
49%
15 Golden
49%
6 I Killed You
49%
3 LEMONHEAD
49%
5 LUMBERJACK
49%
3 | 5 | omg Odd Toddlers
49%
10 PartyIsntOver/Campfire/Bimmer
49%
5 RUNNING OUT OF TIME
49%
14 Rusty
49%
1 SIR BAUDELAIRE
49%
11 SMUCKERS
49%
17 Tamale
49%
5 BEST INTEREST
46%
13 BOYFRIEND (Vinyl Only)
46%
2 CORSO
46%
5 FIND YOUR WINGS
46%
10 Fish
46%
4 French!
46%
7 Garden Shed
46%
5 Hey Jane
46%
9 I Ain't Got Time!
46%
11 I DON'T LOVE YOU ANYMORE
46%
3 I THINK
46%
8 PUPPET
46%
14 Tina
46%
10 Tomorrow
46%
16 Treehome95
46%
10 VCR / Wheels
46%
8 2SEATER
44%
8 48
44%
9 AssMilk
44%
5 Blow
44%
7 BOYFRIEND, GIRLFRIEND (2020 Demo)
44%
16 Burger
44%
4 EXACTLY WHAT YOU RUN FROM YOU END UP CHASING
44%
18 Lone
44%
12 Pigs
44%
3 PILOT
44%
2 Seven
44%
7 Slater
44%
3 Sometimes...
44%
10 Sorry...
44%
15 Trashwang
44%
13 Window
44%
14 AU79
41%
3 Cowboy
41%
11 Droppin' Seeds
41%
14 JUGGERNAUT
41%
11 MOMMA TALK
41%
13 OKAGA, CA
41%
13 Parking Lot
41%
3 Radicals
41%
12 Sarah
41%
18 Steak Sauce
41%
9 WHAT'S GOOD
41%
4 WUSYANAME
41%
7 BLOW MY LOAD
39%
14 Enjoy Right Now, Today
39%
13 Jack And The Beanstalk
39%
6 Nightmare
39%
7 Parade
39%
6 Pigs Fly
39%
8 SORRY NOT SORRY
39%
5 Transylvania
39%
4 WHARF TALK
39%
15 WILSHIRE
39%
11 Analog
37%
12 BSD
37%
15 Inglorious
37%
9 MANIFESTO
37%
7 MASSA
37%
1 OKRA
37%
3 Peach Fuzz
37%
12 RISE!
37%
16 SAFARI
37%
9 Sandwitches
37%
3 WHAT A DAY
37%
2 435
34%
8 RUNITUP
34%
8 Slow It Down
34%
17 Untitled 63
34%
13 BLESSED
32%
6 Cindy Lou's Wish
32%
12 KEEP DA O'S
32%
11 Session
32%
2 STUNTMAN
32%
9 THE BROWN STAINS OF DARKEESE LATIFAH PART 6-12 (REMIX)
32%
4 Potato Salad
29%
1 Whoville
29%
6 GROUP B
27%
3 Hot Chocolate
27%
1 EVERYTHING MUST GO
24%
6 HEAVEN TO ME
24%
2 Lights On
24%
4 Big Bag
20%
5 When The Gloves Come Off
15%
1 Rotten Sarah
12%
11 Annie
10%
9 Dope Dealers
10%
13 Herpes & Cupcakes
10%
3 I Dream
10%
13 Pancakes / Promo
10%
2 Supreme
10%
15 12:01
7%
14 7up
7%
1 Crikle
7%
2 Deam
7%
3 Deam 2
7%
9 Fat Girls And Robots
7%
1 Gloomy Radio
7%
6 Handsome
7%
12 Hang Up
7%
4 Hidden
7%
5 June
7%
4 Lounges And Blox
7%
8 Nosecandy
7%
10 Odd Future Pt.2
7%
11 Retail Price
7%
16 Rocky Revenge
7%
8 Secret Garden
7%
6 Sound On Acid
7%
7 Sounds
7%
12 Speakerboxx
7%
7 Team Blox
7%
No matching quizzes found
Score Distribution
Percent of People with Each Score
Percentile by Number Answered
Your Score History
You have not taken this quiz